| 000 | 00378nam a22001457a 4500 | ||
|---|---|---|---|
| 020 | _a9788121930550 | ||
| 040 | _cNUST | ||
| 082 | _a621.3 GUP | ||
| 100 |
_aGupta, B. R. _957933 |
||
| 245 | _aNetwork Analysis and Synthesis | ||
| 250 | _a4th Edition | ||
| 260 |
_aNew Dehli: _bS Chand & Company, _c2013. |
||
| 650 |
_aNetwork Analysis and Synthesis _9102335 |
||
| 942 |
_2ddc _cBK |
||
| 999 |
_c594932 _d594932 |
||